| 000 | 01072nmc a2200349 a 4500 | ||
|---|---|---|---|
| 003 | AR-BaBNM | ||
| 005 | 20251128204123.0 | ||
| 008 | 125019s1989 ||||||||||||||000 | spa|| | ||
| 020 | _a950-25-1541-2 | ||
| 040 | _cAR-BaBNM | ||
| 100 | 1 | _aSoneira, Abelardo Jorge | |
| 245 | 1 | 0 |
_aLas estrategias institucionales de la Iglesia Católica _n2 1880-1976 |
| 260 |
_aBuenos Aires _bCentro Editor de América Latina _c1989 |
||
| 300 | 0 | _ap. 93-183 | |
| 490 | 0 |
_aBiblioteca política Argentina _vv. 272 |
|
| 500 | 0 | _aACA:ACCION CATOLICA ARGENTINA | |
| 500 | 0 | _aJOC:JUVENTUD OBRERA CATOLICA | |
| 500 | 0 | _aCELAM:CONSEJO EPISCOPAL LATINOAMERICANO | |
| 650 | 4 | _aHISTORIA DE LAS RELIGIONES | |
| 650 | 4 | _aIGLESIA CATOLICA | |
| 650 | 4 | _aIGLESIA Y ESTADO | |
| 650 | 4 | _aPARTIDOS POLITICOS | |
| 650 | 4 | _aREVOLUCION DE SETIEMBRE DE 1955 | |
| 650 | 4 | _aHISTORIA POLITICA ARGENTINA | |
| 650 | 4 | _aUNIVERSIDADES PRIVADAS | |
| 650 | 4 | _aCATOLICISMO | |
| 651 | 4 | _aArgentina | |
| 653 | 0 | _aPERONISMO | |
| 800 | 1 |
_aTroncoso, Oscar _edirector |
|
| 942 | _cBK | ||
| 998 | _cCarmen | ||
| 999 |
_c6253 _d6253 |
||